000 00492nam a2200169 i 4500
001 75193
003 ES-MaACL
005 20230906172351.0
007 t|
008 040923s1935 mx ||||1| spa d
100 1 _aGorostiza, Celestino.
_959213
245 1 0 _aSer o no ser
_b: ; La escuela del amor /
_cpor Celestino Gorostiza.
260 _aMéxico :
_b[s.n.,
_c1935] (
_fArtes Gráficas S.A.)
300 _a320 p. ;
_c17 cm.
740 3 _aLa escuela del amor.
852 _aES-MaACL
_jA-3915
999 _c75193
_d75193